Normal view
MARC view
Entry Personal Name
001 - CONTROL NUMBER
- control field: 79685
003 - CONTROL NUMBER IDENTIFIER
- control field: dpl
005 - DATE AND TIME OF LATEST TRANSACTION
- control field: 20250317151642.0
008 - FIXED-LENGTH DATA ELEMENTS
- fixed length control field: 250317|| aca||aabn | a|a d
040 ## - CATALOGING SOURCE
- Original cataloging agency: dpl
- Transcribing agency: dpl
100 ## - HEADING--PERSONAL NAME
- Personal name: माहेश्वरी, मनीष
670 ## - SOURCE DATA FOUND
- Source citation: Work cat.: (dpl)210327: माहेश्वरी, मनीष , समय प्रबंधन और लघु व्यवसाय /
